Annual report of the registrar of banks and financial institutions (Record no. 84251)
[ view plain ]
| 000 -LEADER | |
|---|---|
| fixed length control field | 01821nam a2200229 a 4500 |
| 008 - FIXED-LENGTH DATA ELEMENTS--GENERAL INFORMATION | |
| fixed length control field | 091118s1987 ||||||||||||||||| || u |
| 050 ## - LIBRARY OF CONGRESS CALL NUMBER | |
| Classification number | GOV.ZAM.F5(058) |
| 110 ## - MAIN ENTRY--CORPORATE NAME | |
| Corporate name or jurisdiction name as entry element | Government of the Republic of Zambia. Ministry of finance |
| 245 10 - TITLE STATEMENT | |
| Title | Annual report of the registrar of banks and financial institutions |
| Statement of responsibility, etc. | By the Ministry of Finance |
| 260 ## - PUBLICATION, DISTRIBUTION, ETC. | |
| Place of publication, distribution, etc. | Lusaka: |
| Name of publisher, distributor, etc. | Government Printer |
| Date of publication, distribution, etc. | 1987 |
| 350 ## - | |
| -- | 0.00 |
| 500 ## - GENERAL NOTE | |
| General note | Holdings for the year ended 31st December, 1978; 31 December, 1980; 31st December, 1981; 31st December, 1985; 31st December, 1987; 31 December, 1988 |
| 650 ## - SUBJECT ADDED ENTRY--TOPICAL TERM | |
| Topical term or geographic name entry element | FINANCIAL REPORTS |
| 650 #0 - SUBJECT ADDED ENTRY--TOPICAL TERM | |
| Topical term or geographic name entry element | FINANCE--DEVELOPING COUNTRIES |
| 995 ## - | |
| -- | SPECIAL COLLECTIONS |
| -- | 0.00 |
| -- | 03004814 |
| -- | CBU-MAIN LIBRARY (Kitwe) |
| -- | 1 |
| -- | 0.00 |
| -- | GOV.ZAM(058)ROB/1975B |
| -- | AVAILABLE |
| -- | Nov 18, 2009 |
| -- | 03004814 |
| -- | Zambiana Collection |
| 995 ## - | |
| -- | SPECIAL COLLECTIONS |
| -- | 0.00 |
| -- | 03004809 |
| -- | CBU-MAIN LIBRARY (Kitwe) |
| -- | 1 |
| -- | 0.00 |
| -- | GOV.ZAM(058)RBFI/1987 |
| -- | 6 |
| -- | AVAILABLE |
| -- | Nov 18, 2009 |
| -- | 03004809 |
| -- | Zambiana Collection |
| 995 ## - | |
| -- | SPECIAL COLLECTIONS |
| -- | 0.00 |
| -- | 03004846 |
| -- | CBU-MAIN LIBRARY (Kitwe) |
| -- | 1 |
| -- | 0.00 |
| -- | GOV.ZAM(058)RBFI/1990 |
| -- | 7 |
| -- | AVAILABLE |
| -- | Nov 20, 2009 |
| -- | 03004846 |
| -- | Zambiana Collection |
| 995 ## - | |
| -- | SPECIAL COLLECTIONS |
| -- | 0.00 |
| -- | 03004844 |
| -- | CBU-MAIN LIBRARY (Kitwe) |
| -- | 1 |
| -- | 0.00 |
| -- | GOV.ZAM(058)RBFI/1981 |
| -- | 6 |
| -- | AVAILABLE |
| -- | Nov 20, 2009 |
| -- | 03004844 |
| -- | Zambiana Collection |
| 995 ## - | |
| -- | SPECIAL COLLECTIONS |
| -- | 0.00 |
| -- | 03004842 |
| -- | CBU-MAIN LIBRARY (Kitwe) |
| -- | 1 |
| -- | 0.00 |
| -- | GOV.ZAM(058)RBFI/1983 |
| -- | 5 |
| -- | AVAILABLE |
| -- | Nov 20, 2009 |
| -- | 03004842 |
| -- | Zambiana Collection |
| 995 ## - | |
| -- | SPECIAL COLLECTIONS |
| -- | 0.00 |
| -- | 03004845 |
| -- | CBU-MAIN LIBRARY (Kitwe) |
| -- | 1 |
| -- | 0.00 |
| -- | GOV.ZAM(058)RBFI/1985 |
| -- | 7 |
| -- | AVAILABLE |
| -- | Nov 20, 2009 |
| -- | 03004845 |
| -- | Zambiana Collection |
| 995 ## - | |
| -- | SPECIAL COLLECTIONS |
| -- | 0.00 |
| -- | 03004841 |
| -- | CBU-MAIN LIBRARY (Kitwe) |
| -- | 1 |
| -- | 0.00 |
| -- | GOV.ZAM(058)RBFI/1978 |
| -- | 4 |
| -- | AVAILABLE |
| -- | Nov 20, 2009 |
| -- | 03004841 |
| -- | Zambiana Collection |
| 999 ## - | |
| -- | 84251 |
| -- | 84251 |
| Withdrawn status | Lost status | Source of classification or shelving scheme | Damaged status | Not for loan | Permanent Location | Current Location | Shelving location | Date acquired | Total Checkouts | Full call number | Barcode | Date last seen | Copy number | Price effective from | Koha item type |
|---|---|---|---|---|---|---|---|---|---|---|---|---|---|---|---|
| CBU-MAIN LIBRARY, KITWE. | CBU-MAIN LIBRARY, KITWE. | 01/25/2024 | GOV.ZAM.F5(058)ROB/1975B | 03004814 | 01/25/2024 | 1 | 01/25/2024 | SPECIAL COLLECTION | |||||||
| CBU-MAIN LIBRARY, KITWE. | CBU-MAIN LIBRARY, KITWE. | 01/25/2024 | GOV.ZAM.F5(058)ROB/1987 | 03004809 | 01/25/2024 | 2 | 01/25/2024 | SPECIAL COLLECTION | |||||||
| CBU-MAIN LIBRARY, KITWE. | CBU-MAIN LIBRARY, KITWE. | 01/25/2024 | GOV.ZAM.F5(058)ROB/1990 | 03004846 | 01/25/2024 | 3 | 01/25/2024 | SPECIAL COLLECTION | |||||||
| CBU-MAIN LIBRARY, KITWE. | CBU-MAIN LIBRARY, KITWE. | 01/25/2024 | GOV.ZAM.F5(058)ROB/1981 | 03004844 | 01/25/2024 | 4 | 01/25/2024 | SPECIAL COLLECTION | |||||||
| CBU-MAIN LIBRARY, KITWE. | CBU-MAIN LIBRARY, KITWE. | 01/25/2024 | GOV.ZAM.F5(058)ROB/1983 | 03004842 | 01/25/2024 | 5 | 01/25/2024 | SPECIAL COLLECTION | |||||||
| CBU-MAIN LIBRARY, KITWE. | CBU-MAIN LIBRARY, KITWE. | 01/25/2024 | GOV.ZAM.F5(058)ROB/1985 | 03004845 | 01/25/2024 | 6 | 01/25/2024 | SPECIAL COLLECTION | |||||||
| CBU-MAIN LIBRARY, KITWE. | CBU-MAIN LIBRARY, KITWE. | 01/25/2024 | GOV.ZAM.F5(058)ROB/1978 | 03004841 | 01/25/2024 | 7 | 01/25/2024 | SPECIAL COLLECTION |